[Event "18e tournoi de Noël"]
[Site "Montigny le Bretonneux"]
[Date "2017.12.30"]
[Round "7.7"]
[White "Verat-Fayolle, Celian"]
[Black "Rouast, Joseph"]
[Result "1-0"]
[WhiteElo "1710"]
[BlackElo "1411"]
[Annotator "Rivier,Sylvain"]
[PlyCount "97"]
[EventDate "2017.??.??"]

{Défense française, variante d'échange} 1. e4 e6 2. d4 d5 3. exd5 exd5 4. c4
Nf6 5. Nc3 Bb4 6. Nf3 O-O 7. Be2 Bg4 8. O-O Nc6 9. Bg5 dxc4 10. Ne4 Be7 11. Nc5
Bxc5 12. dxc5 Re8 13. Bxc4 Qxd1 14. Raxd1 Ne5 15. Nxe5 Rxe5 16. Bxf6 gxf6 17.
f3 Be6 18. Bxe6 fxe6 19. Rd7 Rxc5 20. Re1 Re8 21. Re4 h5 22. b4 Rc6 23. Rh4 Rf8
24. Rxh5 Rf7 25. Rxf7 Kxf7 26. Rc5 Rd6 27. Rxc7+ Kg6 28. Rxb7 Rd1+ 29. Kf2 Rd2+
30. Kg3 Rxa2 31. h4 Rb2 32. b5 Rb4 33. Kh2 Rb3 34. Rxa7 Rxb5 35. g4 Rc5 36. Kg3
Rb5 37. h5+ Kh6 38. Re7 Re5 39. f4 Re1 40. Rf7 f5 41. Rf6+ Kg7 42. g5 Re3+ 43.
Kf2 Re4 44. Kf3 Re1 45. h6+ Kg8 46. g6 Rh1 47. g7 Rg1 48. Rf8+ Kh7 49. Rh8+ 1-0

[Event "18e tournoi de Noël"]
[Site "Montigny le Bretonneux"]
[Date "2017.12.30"]
[Round "7.8"]
[White "Fayolle, Guy"]
[Black "Belan, Guillaume"]
[Result "1-0"]
[WhiteElo "1742"]
[BlackElo "1135"]
[Annotator "Rivier,Sylvain"]
[PlyCount "77"]
[EventDate "2017.??.??"]

{Défense moderne} 1. e4 g6 2. d4 Bg7 3. Nf3 d6 4. Nc3 Nd7 5. Bc4 Ngf6 6. e5
dxe5 7. dxe5 Ng4 8. e6 Nde5 9. exf7+ Nxf7 10. Bxf7+ Kxf7 11. Ng5+ Ke8 12. Qxd8+
Kxd8 13. Nf7+ Ke8 14. Nxh8 Bxh8 15. Nd5 Kd8 16. Bg5 Bf6 17. Bxf6 exf6 18. h3
Be6 19. hxg4 Bxd5 20. O-O-O c6 21. c4 Rc8 22. Kb1 Kc7 23. cxd5 cxd5 24. Rxd5
Re8 25. Rxh7+ Kc6 26. Rhd7 Re6 27. Kc2 Re4 28. Rd2 Re6 29. a4 a6 30. b4 b6 31.
Kc3 b5 32. a5 g5 33. R7d3 f5 34. gxf5 Rf6 35. g4 Rh6 36. f3 Rh8 37. f6 Rc8 38.
Rd7 Rd8 39. R2d6# 1-0

[Event "18e tournoi de Noël"]
[Site "Montigny le Bretonneux"]
[Date "2017.12.30"]
[Round "7.10"]
[White "Tanchoux, Pierre"]
[Black "Chaintreau, Thomas"]
[Result "0-1"]
[WhiteElo "1279"]
[BlackElo "1228"]
[Annotator "Rivier,Sylvain"]
[PlyCount "100"]
[EventDate "2017.??.??"]

{D Défense française, variante d'avance} 1. e4 e6 2. d4 c5 3. Nf3 d5 4. e5 cxd4
5. Nxd4 Bc5 6. c3 Nc6 7. Nxc6 bxc6 8. Bf4 Qb6 9. Qd2 Ne7 10. Bd3 Ba6 11. Bxa6
Qxa6 12. Be3 Bxe3 13. Qxe3 Ng6 14. Nd2 O-O 15. Nf3 Rac8 16. Qe2 Qxe2+ 17. Kxe2
Nf4+ 18. Kf1 c5 19. g3 Ng6 20. Kg2 Rfd8 21. Rad1 Rb8 22. Rd2 Ne7 23. Rhd1 Nc6
24. a3 Rb3 25. Re2 Rdb8 26. Rb1 Rxc3 27. b4 Rxa3 28. Reb2 Rxb4 29. Rxb4 Nxb4
30. Ne1 h6 31. Nf3 a5 32. Rc1 Nd3 33. Rb1 c4 34. Rb8+ Kh7 35. Rf8 c3 36. Rxf7
c2 37. Nd4 c1=Q 38. Nxe6 Nxe5 39. Rxg7+ Kh8 40. Re7 Qc8 41. Nf4 Rf3 42. Nh5 Ng4
43. Nf4 Rxf4 44. gxf4 Qf5 45. Kg3 Nf6 46. f3 Nh5+ 47. Kf2 Qc2+ 48. Re2 Qc5+ 49.
Kf1 Nxf4 50. Ra2 Qc4+ 0-1

[Event "18e tournoi de NoÃ«l"]
[Site "Montigny le Bretonneux"]
[Date "2017.12.30"]
[Round "7.11"]
[White "Bouloc, Roger"]
[Black "Fruchard, Alois"]
[Result "1/2-1/2"]
[WhiteElo "1427"]
[BlackElo "1331"]
[Annotator "Rivier,Sylvain"]
[PlyCount "118"]
[EventDate "2017.??.??"]

{DÃ©fense franÃ§aise, variante Tarrasch fermÃ©e} 1. e4 e6 2. d4 d5 3. Nd2 Nf6
4. e5 Nfd7 5. Bd3 c5 6. c3 Nc6 7. Ne2 Qb6 8. Nf3 cxd4 9. cxd4 Bb4+ 10. Bd2 O-O
11. O-O f6 12. exf6 Nxf6 13. a3 Bd6 14. Qc2 e5 15. dxe5 Nxe5 16. Nxe5 Bxe5 17.
Rab1 Bg4 18. b4 Bxe2 19. Bxe2 Ne4 20. Be3 Qd6 21. Qb3 Kh8 22. Bd3 Rae8 23. Bxe4
dxe4 24. Bc5 Qh6 25. g3 Rf3 26. Qa4 Rc8 27. Qxa7 Qa6 28. Qxa6 bxa6 29. Rfe1
Rxa3 30. Rxe4 Bf6 31. Rbe1 h6 32. Re8+ Rxe8 33. Rxe8+ Kh7 34. b5 Ra1+ 35. Kg2
axb5 36. Rb8 Rb1 37. Kf3 Bc3 38. Ke3 b4 39. Bd4 Re1+ 40. Kf3 Bxd4 41. Rxb4 Bc5
42. Rc4 Re5 43. Kf4 Bd6 44. Rc6 Rc5+ 45. Rxd6 Rc2 46. Ke3 Rc3+ 47. Rd3 Rc7 48.
Rd6 Rc3+ 49. Rd3 Rc7 50. h4 Re7+ 51. Kd2 Re6 52. f4 Rc6 53. f5 Ra6 54. Rf3 g6
55. fxg6+ Kxg6 56. Ke3 Ra3+ 57. Ke4 Ra4+ 58. Ke3 Ra3+ 59. Kf2 Ra2+ 1/2-1/2

[Event "18e tournoi de Noël"]
[Site "Montigny le Bretonneux"]
[Date "2017.12.30"]
[Round "7.12"]
[White "Baltzer, Jean-Marc"]
[Black "Montay, Jean-Paul"]
[Result "0-1"]
[WhiteElo "1356"]
[BlackElo "1360"]
[Annotator "Rivier,Sylvain"]
[PlyCount "116"]
[EventDate "2017.??.??"]

{Ouverture du pion dame} 1. c4 b6 2. Nc3 e6 3. e4 Bb7 4. d4 f5 5. f3 Bb4 6.
Nge2 fxe4 7. fxe4 Bxe4 8. a3 Bxc3+ 9. Nxc3 Bb7 10. Qh5+ Kf8 11. Bg5 Qe8 12. Qg4
d6 13. Be2 Nd7 14. O-O+ Ndf6 15. Bf3 Nxg4 16. Bc6+ N4f6 17. Bxe8 Kxe8 18. Nb5
Kd7 19. Rae1 h6 20. Bh4 a6 21. Nc3 Re8 22. Rf2 g5 23. Bg3 Rh7 24. Ref1 Ke7 25.
Re2 Kd7 26. Rfe1 Rhe7 27. h3 Kd8 28. Bf2 c5 29. dxc5 dxc5 30. Re5 Rc7 31. Rxe6
Rxe6 32. Rxe6 Rc6 33. Re2 g4 34. h4 h5 35. g3 Kd7 36. Be1 Re6 37. Rxe6 Kxe6 38.
Na4 Nd7 39. Kf2 Bc6 40. Nc3 Ne5 41. Ke2 Nxc4 42. Nd1 Bf3+ 43. Kd3 b5 44. Nc3
Nxb2+ 45. Kc2 Na4 46. Na2 Nf6 47. Nc1 c4 48. Kb1 Nd5 49. Na2 Ne3 50. Nb4 Nc5
51. Kb2 Nd3+ 52. Nxd3 cxd3 53. Kc3 Be2 54. Bd2 Nd5+ 55. Kd4 Nb6 56. Ke4 Nc4 57.
Bb4 Nxa3 58. Kd4 Nc2+ 0-1

[Event "18e tournoi de Noël"]
[Site "Montigny le Bretonneux"]
[Date "2017.12.30"]
[Round "7.13"]
[White "Barbier, Guy"]
[Black "Jen, Jin-Xian-Koki"]
[Result "0-1"]
[WhiteElo "1359"]
[BlackElo "1169"]
[Annotator "Rivier,Sylvain"]
[PlyCount "124"]
[EventDate "2017.??.??"]

{Défense Petroff} 1. e4 e5 2. Nf3 Nf6 3. Nxe5 d6 4. Nf3 Nxe4 5. Qe2 Qe7 6. d3
Nf6 7. Bg5 Qxe2+ 8. Bxe2 Be7 9. O-O O-O 10. Nc3 Be6 11. d4 d5 12. Rfe1 Nc6 13.
Nb5 Rac8 14. Nc3 h6 15. Bf4 g5 16. Be5 Nd7 17. Bd3 f5 18. g3 g4 19. Nh4 Bxh4
20. gxh4 Ndxe5 21. dxe5 Nd4 22. Red1 Nf3+ 23. Kh1 Nxh4 24. Be2 c6 25. Rd4 f4
26. Rg1 h5 27. h3 f3 28. Bd1 Ng2 29. Kh2 Rf7 30. hxg4 hxg4 31. Kg3 Rg7 32. Rh1
Rcc7 33. Na4 b6 34. b4 c5 35. bxc5 bxc5 36. Rd2 Rh7 37. Rh2 Rxh2 38. Kxh2 Rh7+
39. Kg1 Nf4 40. Nxc5 Nh3+ 41. Kh2 Nxf2+ 42. Kg3 Nh1+ 43. Kf4 Rf7+ 44. Ke3 f2
45. Be2 g3 46. Nxe6 g2 47. Rxd5 f1=N+ 48. Bxf1 g1=Q+ 49. Kd2 Rf2+ 50. Be2 Kf7
51. Nd4 Qg5+ 52. Kd3 Qg6+ 53. Kd2 Qe4 54. e6+ Kf6 55. Rd7 Ng3 56. Rf7+ Ke5 57.
Rxf2 Qxd4+ 58. Ke1 Qe3 59. e7 Kd6 60. Rg2 Kxe7 61. c4 Kd6 62. Rh2 Qg1+ 0-1

[Event "18e tournoi de Noël"]
[Site "Montigny le Bretonneux"]
[Date "2017.12.30"]
[Round "7.14"]
[White "Rayeh, Anas"]
[Black "Chaintreau, Maxime"]
[Result "0-1"]
[WhiteElo "1060"]
[BlackElo "1097"]
[Annotator "Rivier,Sylvain"]
[PlyCount "84"]
[EventDate "2017.??.??"]

{Défense Petroff} 1. e4 e5 2. Nf3 Nf6 3. Nc3 Bb4 4. Nxe5 Bxc3 5. dxc3 Qe7 6.
Bf4 d6 7. Bb5+ c6 8. Bd3 dxe5 9. Be3 O-O 10. O-O Bg4 11. Qd2 Nbd7 12. Be2 Bxe2
13. Qxe2 Nxe4 14. Qg4 Ndf6 15. Qh4 Nd6 16. Qg3 Nf5 17. Qf3 Nxe3 18. Qxe3 Nd5
19. Qe4 Rad8 20. Rad1 Qg5 21. c4 Nf6 22. Qf3 Qh4 23. Rxd8 Rxd8 24. g3 Qxc4 25.
Rd1 Rf8 26. Rd2 Qxa2 27. Qd1 Qxb2 28. Rd8 Qb6 29. Qd6 Qxd8 30. Qxd8 Rxd8 31. f4
exf4 32. gxf4 a5 33. Kf1 a4 34. Ke1 a3 35. Kf2 a2 36. Kf3 a1=Q 37. Kg3 Qc3+ 38.
Kh4 Qxc2 39. Kg3 Rd3+ 40. Kh4 b5 41. f5 Qc4+ 42. Kg5 Qg4# 0-1

[Event "18e tournoi de Noël"]
[Site "Montigny le Bretonneux"]
[Date "2017.12.30"]
[Round "7.15"]
[White "Thomas, Robert"]
[Black "Boucher, Francis"]
[Result "1-0"]
[WhiteElo "1330"]
[BlackElo "1224"]
[Annotator "Rivier,Sylvain"]
[PlyCount "47"]
[EventDate "2017.??.??"]

{Partie espagnole, variante d'échange} 1. e4 e5 2. Nf3 Nc6 3. Bb5 a6 4. Bxc6
dxc6 5. h3 Bc5 6. O-O f6 7. Nc3 Ne7 8. d3 O-O 9. a3 Ng6 10. Be3 Bd6 11. d4 Be6
12. d5 cxd5 13. Nxd5 Qc8 14. Kh2 Rd8 15. Rg1 Ne7 16. c4 Nxd5 17. cxd5 Bd7 18.
Rc1 c6 19. dxc6 Bxc6 20. Qb3+ Kh8 21. Nh4 g6 22. Nf3 f5 23. Bg5 Re8 24. Bf6#
1-0